اشكالية اصلاح الفكر الصوفى فى القرنين 18 , 19 (احمد بن عجيبة ومحمد الحراق) / (Record no. 37814)
[ view plain ]
| 000 -الفاتح | |
|---|---|
| حقل البيانات ثابتة الطول | 00497nam a2200133Ia 4500 |
| 008 - عناصر البيانات ثابتة الطول - معلومات عامة | |
| حقل البيانات ثابتة الطول | 140319s9999 xx 000 0 ara d |
| 040 ## - مصدر الفهرسة | |
| وكالة الفهرسة الأصلية | GCL / |
| وكالة النسخ | GCL |
| 082 04 - رقم تصنيف ديوى العشرى | |
| رقم التصنيف | 260.92 |
| رقم المادة | ع ا |
| 100 1# - المدخل الرئيسى - إسم شخصى | |
| الإسم الشخصى | عبدالمجيد الصغير |
| 245 10 - بيان العنوان | |
| العنوان | اشكالية اصلاح الفكر الصوفى فى القرنين 18 , 19 (احمد بن عجيبة ومحمد الحراق) / |
| بيان المسئوليه,etc | عبدالمجيد الصغير |
| 300 ## - الوصف المادى | |
| التعداد | 324 ص |
| 490 ## - بيان السلسلة | |
| عنوان السلسلة | من تاريخ التصوف المغربى |
| رقم المجلد/ التعيين التسلسلي | 0 |
| حالة التراجع | حالة الفقد | حالة تلف | ليس للاعارة | المكان المؤقت | الموقع الحالى | تاريخ الاكتساب | اجمالي اﻻعارات | رقم الطلب | الباركود | تاريخ اخر مشاهدة | تاريخ تفعيل السعر | نوع وعاء كوها |
|---|---|---|---|---|---|---|---|---|---|---|---|---|
| مكتبة القاهرة الكبرى | مكتبة القاهرة الكبرى | 03/26/2014 | 260.92\ع ا | 92316 | 03/26/2014 | 03/26/2014 | كتاب | |||||
| مكتبة القاهرة الكبرى | مكتبة القاهرة الكبرى | 03/26/2014 | 260.92\ع ا | 92317 | 03/26/2014 | 03/26/2014 | كتاب |

